MARC details
| 000 -CABECERA |
| campo de control de longitud fija |
02254nam a2200361 i 4500 |
| 003 - IDENTIFICADOR DEL NÚMERO DE CONTROL |
| campo de control |
DO-SdBNP |
| 005 - FECHA Y HORA DE LA ÚLTIMA TRANSACCIÓN |
| campo de control |
20250721114521.0 |
| 007 - CAMPO FIJO DE DESCRIPCIÓN FÍSICA--INFORMACIÓN GENERAL |
| campo de control de longitud fija |
ta |
| 008 - DATOS DE LONGITUD FIJA--INFORMACIÓN GENERAL |
| campo de control de longitud fija |
250721b2007 dr o || |||| 000 0 spa d |
| 020 ## - NÚMERO INTERNACIONAL ESTÁNDAR DEL LIBRO |
| Número Internacional Estándar del Libro |
9789945447019 |
| 040 ## - FUENTE DE LA CATALOGACIÓN |
| Centro catalogador/agencia de origen |
DO-SdBNP |
| Lengua de catalogación |
spa |
| Centro/agencia transcriptor |
BNPHU |
| Normas de descripción |
rda |
| 041 ## - CÓDIGO DE LENGUA |
| Código de lengua del texto/banda sonora o título independiente |
spa |
| 082 ## - NÚMERO DE LA CLASIFICACIÓN DECIMAL DEWEY |
| Número de clasificación |
RD 344.046 |
| Número de documento/Ítem |
U58a |
| Número de edición |
22 |
| 110 1# - ENTRADA PRINCIPAL--NOMBRE DE ENTIDAD CORPORATIVA |
| Nombre de entidad corporativa o nombre de jurisdicción como elemento de entrada |
Universidad Autónoma de Santo Domingo |
| Unidad subordinada |
Comisión Medio Ambiente y Recursos Naturales |
| 9 (RLIN) |
88406 |
| 245 14 - MENCIÓN DE TÍTULO |
| Título |
Las áreas protegidas, patrimonio nacional en peligro : |
| Resto del título |
estudio técnico de la ley sectorial sobre áreas protegidas, no. 202-04 del 30 de julio de 2004 / |
| Mención de responsabilidad, etc. |
presentación, Roberto Reyna ; prólogo, Nelson Moreno Ceballos |
| 264 ## - PRODUCCIÓN, PUBLICACIÓN, DISTRIBUCIÓN, FABRICACIÓN Y COPYRIGHT |
| Producción, publicación, distribución, fabricación y copyright |
Santo Domingo : |
| Nombre del de productor, editor, distribuidor, fabricante |
Editora Universitaria UASD,, |
| Fecha de producción, publicación, distribución, fabricación o copyright |
2007. |
| 300 ## - DESCRIPCIÓN FÍSICA |
| Extensión |
211 páginas ; |
| Otras características físicas |
fotografías |
| Dimensiones |
23 cm. |
| 336 ## - TIPO DE CONTENIDO |
| Término de tipo de contenido |
texto |
| Código de tipo de contenido |
txt |
| Fuente |
rdacontent |
| 337 ## - TIPO DE MEDIO |
| Nombre/término del tipo de medio |
sin mediación |
| Código del tipo de medio |
n |
| Fuente |
rdamedia |
| 338 ## - TIPO DE SOPORTE |
| Nombre/término del tipo de soporte |
volumen |
| Código del tipo de soporte |
nc |
| Fuente |
rdacarrier |
| 490 1# - MENCIÓN DE SERIE |
| Mención de serie |
Publicaciones de la Universidad Autónoma de Santo Domingo ; |
| Designación de volumen o secuencia |
1377 |
| 490 1# - MENCIÓN DE SERIE |
| Mención de serie |
Educación y Sociedad ; |
| Designación de volumen o secuencia |
69 |
| 505 2# - NOTA DE CONTENIDO CON FORMATO |
| Información miscelánea |
PRIMERA PARTE -- |
| Título |
Las áreas protegidas de la República Dominicana -- |
| -- |
Las áreas protegidas: bienes patrimoniales de la República Dominicana -- |
| -- |
Centros ecológicos educativos y recreativos, -- |
| Información miscelánea |
SEGUNDA PARTE -- |
| Título |
Estudios técnicos de la Ley sectorial sobre áreas protegidas 2002-04 d/f 30-7-04 -- |
| -- |
Análisis técnico de la Ley 202-04, 33-74 -- |
| -- |
GRÁFICAS ÁREAS PROTEGIDAS -- |
| -- |
LEY No. 202-04 / |
| 520 ## - SUMARIO, ETC. |
| Sumario, etc. |
La obra hace un recuento preciso sobre la Ley sectorial de áreas protegidas 202-04 del 30 de julio de 2004. El objetivo principal es contribuir y proveer las informaciones para hacer los correctivos técnicos y garantizar la salvaguarda de las áreas naturales protegidas de la República Dominicana a través del SINAP |
| 590 ## - NOTA LOCAL (RLIN) |
| Nota local |
Inventariado, 2025/ YL |
| 650 #7 - PUNTO DE ACCESO ADICIONAL DE MATERIA--TÉRMINO DE MATERIA |
| Término de materia o nombre geográfico como elemento de entrada |
Control ambiental |
| Subdivisión general |
Legislación |
| Subdivisión geográfica |
República Dominicana |
| 9 (RLIN) |
88399 |
| 650 #7 - PUNTO DE ACCESO ADICIONAL DE MATERIA--TÉRMINO DE MATERIA |
| Término de materia o nombre geográfico como elemento de entrada |
Política ambiental |
| Subdivisión general |
Legislación |
| Subdivisión geográfica |
República Dominicana |
| 9 (RLIN) |
88407 |
| 650 #7 - PUNTO DE ACCESO ADICIONAL DE MATERIA--TÉRMINO DE MATERIA |
| Término de materia o nombre geográfico como elemento de entrada |
Recursos naturales |
| Subdivisión general |
Legislación |
| Subdivisión geográfica |
República Dominicana |
| 9 (RLIN) |
88408 |
| 700 1# - PUNTO DE ACCESO ADICIONAL--NOMBRE DE PERSONA |
| Nombre de persona |
Reyna Tejada, Roberto |
| Fechas asociadas al nombre |
1957 - |
| 9 (RLIN) |
88401 |
| Término indicativo de función/relación |
presentador |
| Código de función/relación |
pr. |
| 700 1# - PUNTO DE ACCESO ADICIONAL--NOMBRE DE PERSONA |
| Nombre de persona |
Moreno Ceballos, Nelson, |
| Fechas asociadas al nombre |
1947-2018 |
| Término indicativo de función/relación |
prologuista |
| Código de función/relación |
pr. |
| 9 (RLIN) |
88409 |
| 910 ## - DATOS DE OPCIÓN DEL USUARIO (OCLC) |
| Datos de opción del usuario |
YLockward |
| 942 ## - ELEMENTOS DE PUNTO DE ACCESO ADICIONAL (KOHA) |
| Fuente del sistema de clasificación o colocación |
Dewey Decimal Classification |
| Tipo de ítem Koha |
Libro |